Sports Quiz

Random Sports or World Cup Quiz
Score 0/54 Timer 05:00
1 Play Today
Year Runner Up % Correct
1958Milan
98%
1993Milan
98%
1995Milan
98%
2005Milan
98%
1985Liverpool
97.5%
2007Liverpool
97.5%
2009Manchester United
97.3%
1973Juventus
95.9%
1983Juventus
95.9%
1997Juventus
95.9%
1998Juventus
95.9%
2003Juventus
95.9%
1982Bayern Munich
95.9%
1987Bayern Munich
95.9%
1999Bayern Munich
95.9%
1961Barcelona
95.1%
1986Barcelona
95.1%
1994Barcelona
95.1%
2008Chelsea
95%
1967Internazionale
94.1%
1972Internazionale
94.1%
1969Ajax
94%
1996Ajax
94%
2006Arsenal
93.5%
1962Real Madrid
92.3%
1964Real Madrid
92.3%
1981Real Madrid
92.3%
Year Runner Up % Correct
1963Benfica
88.9%
1965Benfica
88.9%
1968Benfica
88.9%
1988Benfica
88.9%
1990Benfica
88.9%
2000Valencia
85.7%
2001Valencia
85.7%
2004Monaco
83.8%
1991Marseille
80%
1970Celtic
77.7%
2002Bayer Leverkusen
77.1%
1984Roma
73.9%
1980Hamburg
73.3%
1989Steaua Bucureşti
56.2%
1974Atlético Madrid
55.6%
1975Leeds United
53.4%
1992Sampdoria
51.2%
1956Stade de Reims
43.9%
1959Stade de Reims
43.9%
1979Malmö FF
38.8%
1957Fiorentina
38.6%
1976Saint-Étienne
35%
1960Eintracht Frankfurt
34.9%
1977Borussia Mönchengladbach
33%
1978Club Brugge
32.1%
1971Panathinaikos
31.7%
1966FK Partizan
25.7%

You're not logged in!

Compare scores with friends on all Sporcle quizzes.
OR
Log In

Sporcle TV

Today on Sporcle TV


Watch our educational content, quiz creation guides, and fun videos on Sporcle TV.

Show Comments

Extras

Top Quizzes Today


Score Distribution

Paid Content

Your Account Isn't Verified!

In order to create a playlist on Sporcle, you need to verify the email address you used during registration. Go to your Sporcle Settings to finish the process.

Report this User

Report this user for behavior that violates our Community Guidelines.

Details: